Historia del Ampurdán (Record no. 161622)

MARC details
000 -LEADER
campo de control de longitud fija 00777nam a22001935i 4500
001 - NÚMERO DE CONTROL
campo de control 161622
003 - IDENTIFICADOR DE NÚMERO DE CONTROL
campo de control ES-MaACL
005 - FECHA Y HORA DE LA ÚLTIMA TRANSACCIÓN
campo de control 20230906212327.0
008 - DATOS DE LONGITUD FIJA--INFORMACIÓN GENERAL
campo de control de longitud fija 980406s1883 sp |||| | spa d
040 ## - FUENTE DE CATALOGACIÓN
Centro catalogador/agencia de origen CYL
Lengua de catalogación spa
Centro/agencia transcriptor CYL
100 1# - ENTRADA PRINCIPAL--NOMBRE DE PERSONA
Nombre de persona Pella y Forgas, José.
9 (RLIN) 90052
245 10 - MENCIÓN DEL TÍTULO
Título Historia del Ampurdán
Resto del título : estudio de la civilización en las comarcas del noroeste de Cataluña /
Mención de responsabilidad, etc. por José Pella y Forgas.
260 ## - PUBLICACIÓN, DISTRIBUCIÓN, ETC.
Lugar de publicación, distribución, etc. Barcelona :
Nombre del editor, distribuidor, etc. [s.n.],
Fecha de publicación, distribución, etc. 1883 (
Fabricante Luis Tasso y Serra, Impresor)
300 ## - DESCRIPCIÓN FÍSICA
Extensión 788, 20, [14] h. de lám. ;
Dimensiones 27 cm.
597 ## - NOTA DE DESCRIPCIÓN FÍSICA
NOTA DE DESCRIPCIÓN FÍSICA Son 8 fasc. con paginación contínua.
651 #4 - PUNTO DE ACCESO ADICIONAL DE MATERIA--NOMBRE GEOGRÁFICO
Nombre geográfico Cataluña-
Subdivisión general Historia.
9 (RLIN) 8013
651 #4 - PUNTO DE ACCESO ADICIONAL DE MATERIA--NOMBRE GEOGRÁFICO
Nombre geográfico Ampurdán-
Subdivisión general Historia.
9 (RLIN) 137031
852 ## - LOCALIZACIÓN
Ubicación ES-MaACL
Número de control de estantería F-2117-18
Nota libre -- Enc. hol. ed. en tela azul, con planchas en hierros dorados
Holdings
Estatus retirado Estado de pérdida Estado de daño No para préstamo Colección Biblioteca de origen Biblioteca actual Ubicación en estantería Fecha de adquisición Total de préstamos Signatura topográfica completa Código de barras Visto por última vez Precio de reemplazo Tipo de ítem Koha
        Libros del s. XIX Biblioteca del Ateneo de Madrid Biblioteca del Ateneo de Madrid Depósito 2 17/01/2008   F-2117-18 1169300 23/02/2023 23/02/2023 Libro impreso antiguo